[Event "Schleswig Holstein-ch VM 64th"]
[Site "Altenholz"]
[Date "2009.04.09"]
[Round "8"]
[White "Koop, Soeren"]
[Black "Haffner, Alexander"]
[Result "1/2-1/2"]
[WhiteElo "1982"]
[BlackElo "2176"]
[PlyCount "161"]
[EventDate "2009.04.04"]
[EventType "swiss"]
[EventRounds "9"]
[EventCountry "GER"]
[SourceTitle "CBM 129 Extra"]
[Source "ChessBase"]
[SourceDate "2009.05.05"]
[SourceVersion "2"]
[SourceVersionDate "2009.05.20"]
[SourceQuality "1"]

1. e4 e6 2. d4 d5 3. Nc3 Bb4 4. e5 c5 5. Qg4 Ne7 6. dxc5 Bxc3+ 7. bxc3 0-0 8. Nf3 Qa5 9. Qb4 Qc7 10. Bd3 Ng6 11. Qg4 Nc6 12. Bxg6 fxg6 13. Bf4 Qa5 14. Bd2 Qxc5 15. 0-0 Bd7 16. Rae1 Rf5 17. Re2 Raf8 18. Rfe1 Na5 19. Qb4 b6 20. Nd4 R5f7 21. Qxc5 bxc5 22. Nb3 Nb7 23. Be3 Rc8 24. f4 Bb5 25. Rf2 a5 26. Rb1 a4 27. Nd2 Bc6 28. Rb6 Rd7 29. Nf3 d4 30. cxd4 Bxf3 31. gxf3 cxd4 32. Bxd4 Rxd4 33. Rxb7 Rxf4 34. Ra7 h5 35. Ra6 h4 36. Kg2 Rfc4 37. c3 Kf7 38. Rd2 R8c7 39. Rdd6 g5 40. Rab6 g4 41. fxg4 Rxg4+ 42. Kf3 Rgc4 43. Rb4 Rxc3+ 44. Kg4 R3c4+ 45. Rxc4 Rxc4+ 46. Kg5 h3 47. a3 Re4 48. Ra6 Ke8 49. Kg6 Rg4+ 50. Kh5 Rg2 51. Rxa4 Rxh2 52. Kh4 Re2 53. Kxh3 Rxe5 54. Kg4 Kf7 55. Kf4 Kf6 56. Ra8 g5+ 57. Kg4 Re4+ 58. Kf3 Rc4 59. a4 Ke5 60. Ra5+ Kf6 61. Ra8 Kf5 62. Rf8+ Ke5 63. Rg8 Rc3+ 64. Kg4 Kd4 65. Rxg5 e5 66. Rg8 Ra3 67. Rd8+ Ke3 68. Ra8 e4 69. a5 Kf2 70. Rf8+ Ke2 71. Ra8 e3 72. a6 Ke1 73. a7 e2 74. Kh4 Kf2 75. Rf8+ Kg2 76. Rg8+ Kh2 77. Re8 Ra4+ 78. Kg5 Ra5+ 79. Kg4 Ra4+ 80. Kg5 Ra5+ 81. Kg4 1/2-1/2

[Event "Schleswig Holstein-ch VM 64th"]
[Site "Altenholz"]
[Date "2009.04.08"]
[Round "7"]
[White "Haffner, Alexander"]
[Black "Berger, Joachim"]
[Result "0-1"]
[WhiteElo "2176"]
[BlackElo "2108"]
[PlyCount "70"]
[EventDate "2009.04.04"]
[EventType "swiss"]
[EventRounds "9"]
[EventCountry "GER"]
[SourceTitle "CBM 129 Extra"]
[Source "ChessBase"]
[SourceDate "2009.05.05"]
[SourceVersion "2"]
[SourceVersionDate "2009.05.20"]
[SourceQuality "1"]

1. Nf3 d5 2. d4 c5 3. c3 cxd4 4. cxd4 Nc6 5. g3 Bf5 6. Bg2 e6 7. 0-0 Nf6 8. Bg5 h6 9. Bxf6 Qxf6 10. Qb3 Qe7 11. a3 Qd7 12. Nbd2 Be7 13. e3 Bf6 14. Rfc1 0-0 15. Qa2 Rfc8 16. Bf1 a6 17. b4 b6 18. Qb2 Qb7 19. Rc3 Rc7 20. Rac1 Rac8 21. Nb3 Kf8 22. b5 axb5 23. Bxb5 Na5 24. Ba6 Qxa6 25. Rxc7 Rxc7 26. Rxc7 Bh3 27. Qc1 Nxb3 28. Rc8+ Bd8 29. Rxd8+ Ke7 30. Qc7+ Kf6 31. Qf4+ Kg6 32. Qxf7+ Kxf7 33. Ne5+ Ke7 34. Nc6+ Kf6 35. Rf8+ Kg6 0-1